00784nam a2200205 i 450000100060000000300090000600500170001500700030003200800410003510000380007624501480011425000150026226000370027730000220031470000360033670000350037285200320040799900170043995201220045678535ES-MaACL20230906173735.0t|041014s1973 sp ||||1| spa d1 aHarriman, William Averell.96189610aAmérica y Rusia en un mundo que cambia / cW. Averell Harriman ; introducción de Arthur M. Schlesinger ; [traducido por Ma Antonia Menini]. a[1ª ed.]. aBarcelona : bGrijalbo, c[1973] a239 p. ; c19 cm.1 aMenini, María Antonia.9803651 aSchlesinger, Arthur M.9104409 aES-MaACLjC-52557 bR.85498 c78535d78535 00104070aATENEOMbATENEOMcDEPO2d2008-01-17eSCl0oC-52557p1082144r2023-02-23 00:00:00w2023-02-23yMONOGRAFIA